| 000 | 00391nam a2200145 a 4500 | ||
|---|---|---|---|
| 001 | 000032681 | ||
| 005 | 20200930065756.0 | ||
| 008 | 110725s2005 dr a r 000 0 spa d | ||
| 040 |
_aDO-SdBNP _bspa _cBNPHU |
||
| 082 |
_axxxx _bxxxx |
||
| 245 | 0 | 0 | _aProtocolo cara a cara. |
| 260 |
_aSanto Domingo : _bBanreservas, _c2005. |
||
| 300 |
_a9 p. : _bil. ; _c19 cm. |
||
| 590 | _aInventariado, 2019/BT | ||
| 999 |
_c32172 _d32172 |
||